| 000 | 00883nam2a22002291 4500 | ||
|---|---|---|---|
| 001 | RU\NLR\A1SV\128658 | ||
| 005 | 20251214192214.0 | ||
| 035 | _a(NLR Aleph) 010466107 | ||
| 090 |
_a13490232 _c13490232 |
||
| 100 | _a20140917d1925 u y0rusy50 ca | ||
| 101 | 0 | _arus | |
| 200 | 1 |
_a...за 1924 год _e(Четвертый операц. год) |
|
| 210 | _d1925 | ||
| 215 | _a107 с., 11 л. диагр. | ||
| 461 | 1 |
_1001RU\NLR\A1SV\128657 _12000#$aОтчет...$fКостром. центр. рабочий кооп.$v _910001824 _aКостромской центр. рабочий кооп. _cКострома _d1925-1926 _fКостром. центр. рабочий кооп. _nТипо-лит. "Север. правда" _tОтчет... |
|
| 801 | 0 |
_aRU _bNLR _c20140917 |
|
| 852 |
_aNLR _j94/756 |
||
| 852 |
_aNLR _j94/756а |
||
| 942 | _cBOOK | ||
| 980 | _aA1SV | ||
| 980 | _aNB | ||